Famous Book Covers - Statistics

General Stats
  • This quiz has been taken 316 times
  • The average score is 7 of 12
Answer Stats
Picture Answer % Correct
The Hunger Games
90%
Twilight
79%
The Great Gatsby
78%
The Little Prince
64%
The Fault in Our Stars
58%
To Kill a Mockingbird
56%
The Catcher in the Rye
55%
The Giving Tree
51%
The Godfather
51%
Catch-22
38%
The Book Thief
38%
Fahrenheit 451
27%
No matching quizzes found
Score Distribution
Percent of People with Each Score
Percentile by Number Answered
Your Score History
You have not taken this quiz